| 000 | 00746nam a2200253 i 4500 | ||
|---|---|---|---|
| 003 | DO-SdBNP | ||
| 005 | 20251113134617.0 | ||
| 007 | ta | ||
| 008 | 251104b2024 dr ||||| |||| 00| 0 spa d | ||
| 020 | _a9789945188967 | ||
| 040 |
_aDO-SdBNP _bspa _cBNPHU _erda |
||
| 041 | _aspa | ||
| 082 | 4 |
_axxx _bT683o _222 |
|
| 100 |
_aToribio, Andrés, _d1950- _eautor _4aut. _952164 |
||
| 245 | 1 | 3 |
_aoh, mi escuela apuntes! : _bapuntes / _cAndrés Toribio |
| 264 | 4 |
_aSanto Domingo : _bEdiciones Flor de Tierra, _c©2024. |
|
| 300 |
_a126 páginas ; _c23 cm. |
||
| 336 |
_atexto _btxt _2rdacontent |
||
| 337 |
_asin mediación _bn _2rdamedia |
||
| 338 |
_avolumen _bnc _2rdacarrier |
||
| 590 | _aInventariado, 2025 /LP | ||
| 910 | _aLP | ||
| 942 |
_2ddc _cLBS1 |
||
| 999 |
_c60013 _d60013 |
||